UEFA Champions League Finals - Statistics

General Stats
  • This quiz has been taken 1,713 times
  • The average score is 96 of 115
Answer Stats
Season Answer % Correct
1985-86 | 1993-94 | 2005-06 | +2 others Barcelona
98%
2001-02 Bayer Leverkusen
98%
2007-08 | 2011-12 Chelsea
98%
1955-56 | 1956-57 | 1957-58 | +6 others Real Madrid
98%
1968-69 | 1989-90 | 1994-95 | +2 others AC Milan
97%
1991-92 Barcelona
97%
1998-99 | 2007-08 | 2008-09 | 2010-11 Manchester United
97%
1963-64 | 1997-98 Real Madrid
97%
1962-63 | 1988-89 | 1993-94 AC Milan
96%
1974-75 | 1975-76 | 1986-87 | +3 others Bayern Munich
96%
1963-64 | 1964-65 | 2009-10 Internazionale
96%
1976-77 | 1977-78 | 2004-05 | 2006-07 Liverpool
96%
1967-68 Manchester United
96%
1980-81 Real Madrid
96%
2004-05 AC Milan
95%
1960-61 Barcelona
95%
1973-74 | 1981-82 | 1998-99 | 2000-01 Bayern Munich
95%
1980-81 | 1983-84 | 1984-85 Liverpool
95%
1957-58 | 1992-93 AC Milan
94%
1971-72 Internazionale
94%
1966-67 Internazionale
93%
2003-04 Porto
92%
2005-06 Arsenal
91%
1982-83 | 1984-85 | 2002-03 Juventus
91%
1972-73 | 1995-96 | 1996-97 | 1997-98 Juventus
90%
1986-87 Porto
90%
1968-69 | 1971-72 | 1972-73 | +2 others Ajax
88%
1970-71 Ajax
87%
1960-61 | 1962-63 | 1964-65 | +2 others Benfica
83%
1961-62 Benfica
82%
1996-97 Borussia Dortmund
82%
1989-90 Benfica
81%
1978-79 | 1979-80 Nottingham Forest
80%
1990-91 | 1992-93 Marseille
77%
1999-00 Valencia
77%
1987-88 PSV Eindhoven
76%
2000-01 Valencia
76%
1981-82 Aston Villa
74%
2003-04 AS Monaco
73%
1966-67 | 1969-70 Celtic
72%
1990-91 Red Star Belgrade
69%
1973-74 Atletico Madrid
65%
1969-70 Feyenoord
65%
1983-84 AS Roma
64%
1982-83 Hamburger SV
63%
1979-80 Hamburger SV
61%
1985-86 Steaua Bucuresti
53%
1988-89 Steaua Bucuresti
52%
1991-92 Sampdoria
39%
1974-75 Leeds United
38%
1956-57 Fiorentina
35%
1958-59 Stade de Reims
35%
1955-56 Stade de Reims
31%
1959-60 Eintracht Frankfurt
30%
1976-77 Borussia Monchengladbach
29%
1978-79 Malmo FF
26%
1970-71 Panathinaikos
26%
1965-66 Partizan
25%
1977-78 Club Brugge
24%
1975-76 AS Saint-Etienne
23%
No matching quizzes found
Score Distribution
Percent of People with Each Score
Percentile by Number Answered
Your Score History
You have not taken this quiz